000 00684nam a2200229 a 4500
999 _c11914
_d11914
001 11914
003 BD-JhCC
005 20220131134021.0
008 201128b2018 bg |||| ||a| 000 0 ben d
020 _a9789843439574
035 _a(BD-JhCC)11070
040 _aBD-JhCC
_dBD-JhCC
041 _aben
082 _a297
_bAZA 2018
100 _aআজাদ, আরিফ
245 _aপ্রত্যাবর্তন /
_cআরিফ আজাদ ।
260 _aঢাকা:
_bসমকালীন প্রকাশন;
_c২০১৮.
300 _a২২১ পৃঃ . :
_c২২ সেমি.
650 _aIslamic History
942 _2ddc
_cBK
_020